Coureurs de l'équipe cycliste Arkéa-Samsic 2023 - Statistiques

Statistiques générales
  • Ce quiz a été pris 68 fois
  • Le résultat moyen est 14 sur 30
Statistiques - réponses
Hint Réponse % Correct
🇫🇷 Warren Barguil
97%
🇫🇷 Kévin Vauquelin
71%
🇫🇷 Nacer Bouhanni
63%
🇫🇷 Clément Champoussin
56%
🇬🇧 Daniel McLay
56%
🇫🇷 Matis Louvel
56%
🇫🇷 Élie Gesbert
54%
🇮🇹 Alessandro Verre
53%
🇪🇸 Cristian Rodriguez
53%
🇫🇷 Laurent Pichon
53%
🇧🇪 Amaury Capiot
51%
🇮🇹 Luca Mozzato
51%
🇺🇦 Andrii Ponomar
49%
🇫🇷 Anthony Delaplace
49%
🇧🇪 Jenthe Biermans
47%
🇳🇱 David Dekker
46%
🇫🇷 Maxime Bouet
44%
🇫🇷 Hugo Hofstetter
42%
🇫🇷 Clément Russo
41%
🇵🇱 Łukasz Owsian
41%
🇱🇺 Michel Ries
41%
🇫🇷 Mathis Le Berre
39%
🇫🇷 Thibault Guernalec
39%
🇫🇷 Simon Guglielmi
37%
🇫🇷 Ewen Costiou
36%
🇫🇷 Kévin Ledanois
32%
🇫🇷 Louis Barré
32%
🇫🇷 Donavan Grondin
27%
🇫🇷 Alan Riou
25%
🇫🇷 Nicolas Edet
24%
Aucun quiz correspondant
Distribution des résultats
% des personnes avec chaque résultat
Percentile par nombre de réponses
Votre historique - résultats
Vous n’avez pas pris ce quiz